000 00974nam a22002297a 4500
003 OSt
005 20250218131905.0
008 241018b |||||||| |||| 00| 0 eng d
040 _aChap
_cChap
245 0 0 _aSpringer Journal
264 _bSpringer Nature
500 _a1910 Journals. 1451 journals con factor de impacto. Adicionalmente se tiene acceso a 546 títulos en Acceso Abierto
505 _aTemática multidisciplinaria, medicina, ciencias de la vida y biomédica, matemáticas y estadística, ciencias del medio ambiente y de la tierra, ciencias materiales y química.
650 4 _aMedicina
_973899
650 4 _aMatemáticas
_972901
650 4 _aEstadística
_938241
856 _uhttp://link.springer.com/
_zACCESO RED UACh-Suscripción
856 _uhttps://chapingo.idm.oclc.org/login?url=http://link.springer.com/
_zACCESO EXTERNO-Suscripción
856 _uhttps://www.springeropen.com/
_zACCESO ABIERTO
942 _2local
942 _cITEMRECELE
999 _c220205
_d220205